| 000 | 00728cam a2200205 a 4500 | ||
|---|---|---|---|
| 001 | 16425426 | ||
| 005 | 20260421122347.0 | ||
| 008 | 100820s2012 mauab b 001 0 eng | ||
| 020 |
_a9780618906956 _qstudent ed. : pbk. |
||
| 020 |
_a0618906959 _qstudent ed. : pbk. |
||
| 050 | 0 | 0 |
_aJK276 _b.G44 2012 |
| 082 | 0 | 0 |
_a320.473 _223 |
| 100 | 1 | _aGeer, John Gray | |
| 245 | 1 | 0 |
_aGateways to democracy : _ban introduction to American government / _cJohn G. Geer, Wendy J. Schiller, Jeffrey A. Segal. |
| 260 |
_aBoston, MA : _bWadsworth Cengage Learning, _cc2012. |
||
| 300 |
_axxxv, 670 p. : _bill. (chiefly col.), col. maps ; _c28 cm. |
||
| 700 | 1 |
_aSchiller, Wendy J., _d1964- |
|
| 700 | 1 | _aSegal, Jeffrey Allan. | |
| 942 |
_2lcc _cBK _n0 |
||
| 999 |
_c9352 _d9352 |
||